| 000 | 00710nam a22001815i 4500 | ||
|---|---|---|---|
| 001 | 167200 | ||
| 003 | ES-MaACL | ||
| 005 | 20230906213457.0 | ||
| 008 | 050921s1880 cl | |||||||| ||spa d | ||
| 040 |
_aCAM _bspa _cCAM |
||
| 100 | 1 |
_aVera, Robustiano. _9113952 |
|
| 245 | 1 | 0 |
_aDon Bernardo O'Higgins _b: reseña histórica política / _cpor Robustiano Vera. |
| 250 | _a2ª ed. | ||
| 260 |
_aSantiago de Chile : _b[s.n.], _c1880 ( _fImprenta de La República) |
||
| 300 |
_a128 p. ; _c17 cm. |
||
| 600 | 1 | 4 |
_aO'Higgins, Bernardo- _xBiografías. _9130576 |
| 852 |
_aES-MaACL _jT-479-F-5 _z-- Enc. hol., falto de la cub. original _z-- An. ms.: ded. del autor a Manuel Torres Campos _z-- Enc. en un vol. facticio |
||
| 999 |
_c167200 _d167200 |
||